000 00757nmc a2200289 a 4500
003 AR-BaBNM
005 20251128205635.0
008 048019s1994 ||||||||||||||000 | spa||
020 _a950-04-1343-4
040 _cAR-BaBNM
100 1 _aConti, Haroldo
245 1 0 _aMascaró, el cazador americano
260 _aBuenos Aires
_bEmecé
_c1994
300 0 _a302 p.
490 0 _aEscritores argentinos. Novelas, cuentos y relatos
585 _aExpuesto en: Feria del Libro 2006
650 4 _aLITERATURA ARGENTINA
650 4 _aLITERATURA CONTEMPORANEA
650 4 _aNOVELAS
650 4 _aESCRITORES
650 4 _aHUMOR
653 0 _aNARRATIVA
653 0 _aLITERATURA FANTASTICA
655 _aLITERATURA
942 _cBK
998 _cMARTIN
999 _c12194
_d12194